[Event "2. Memorial Oliver Gonzalez 2011"]
[Site "Madrid ESP"]
[Date "2011.10.16"]
[Round "9.53"]
[White "Dierssen Garcia-Barredo, Guille"]
[Black "Hernandez Gutierrez, Jose"]
[Result "1/2-1/2"]
[WhiteElo "1682"]
[BlackElo "1890"]
[PlyCount "65"]
[EventDate "2011.10.08"]
[EventType "swiss"]
[EventRounds "9"]
[EventCountry "ESP"]
[Source "lmi"]
[SourceDate "2011.10.08"]

1. e4 c6 2. d4 d5 3. exd5 cxd5 4. Bd3 Nc6 5. c3 Nf6 6. Bf4 Bg4 7. Qb3 Qd7 8.
Nd2 e6 9. Ngf3 Nh5 10. Bg3 Nxg3 11. hxg3 h6 12. Bb5 Bd6 13. Ne5 Bxe5 14. dxe5
a6 15. Qa4 Bf5 16. g4 Bh7 17. g5 hxg5 18. Bd3 f5 19. exf6 gxf6 20. Qg4 Ne5 21.
Qh5+ Kd8 22. Bxh7 Kc7 23. O-O-O Nd3+ 24. Kc2 Nxf2 25. Qg6 Raf8 26. Rde1 Nxh1
27. Rxh1 Rf7 28. Bg8 Rg7 29. Qxf6 Rxh1 30. Bxe6 Qe7 31. Qe5+ Kb6 32. Qd4+ Kc7
33. Qe5+ 1/2-1/2

[Event "2. Memorial Oliver Gonzalez 2011"]
[Site "Madrid ESP"]
[Date "2011.10.16"]
[Round "9.54"]
[White "Yeves Miquel, Enrique"]
[Black "Tevar Sanz, Gonzalo"]
[Result "0-1"]
[WhiteElo "1677"]
[BlackElo "1868"]
[PlyCount "52"]
[EventDate "2011.10.08"]
[EventType "swiss"]
[EventRounds "9"]
[EventCountry "ESP"]
[Source "lmi"]
[SourceDate "2011.10.08"]

1. d4 Nf6 2. c4 c5 3. d5 b5 4. Nf3 bxc4 5. Nc3 d6 6. e4 g6 7. Bxc4 Bg7 8. O-O
O-O 9. h3 Ba6 10. Bxa6 Nxa6 11. a3 Nd7 12. Bf4 Nb6 13. Nd2 Qd7 14. Qc2 Rfc8 15.
Rab1 c4 16. Be3 Nc5 17. Bxc5 Rxc5 18. Rfd1 Rb8 19. Nf3 a6 20. Nd4 Rb7 21. Nc6
e6 22. Nb4 a5 23. dxe6 fxe6 24. Nba2 d5 25. exd5 exd5 26. Ne4 Qf5 0-1

[Event "2. Memorial Oliver Gonzalez 2011"]
[Site "Madrid ESP"]
[Date "2011.10.16"]
[Round "9.55"]
[White "Farre Selma, David"]
[Black "Cerrato Torrijos, Javier"]
[Result "1-0"]
[WhiteElo "1841"]
[BlackElo "1683"]
[PlyCount "77"]
[EventDate "2011.10.08"]
[EventType "swiss"]
[EventRounds "9"]
[EventCountry "ESP"]
[Source "lmi"]
[SourceDate "2011.10.08"]

1. e4 c5 2. Nf3 d6 3. b3 Nc6 4. Bb2 Bg4 5. Bc4 e6 6. h3 Bh5 7. O-O Nf6 8. Nc3
Be7 9. Bb5 O-O 10. Bxc6 bxc6 11. g4 Bg6 12. e5 Nd5 13. exd6 Bxd6 14. d4 cxd4
15. Qxd4 c5 16. Qd1 Nxc3 17. Bxc3 Qc7 18. Qe2 Qc6 19. Ne5 Bxe5 20. Qxe5 f6 21.
Qe2 e5 22. Rad1 Rac8 23. Rd2 Rf7 24. Rfd1 Re7 25. Ba5 f5 26. Rd6 Qe4 27. Qxe4
fxe4 28. Rd8+ Re8 29. Rxe8+ Rxe8 30. c4 Kf7 31. Rd5 Rc8 32. Rd7+ Kf6 33. Rxa7
Rc6 34. Bd8+ Ke6 35. Rxg7 Ra6 36. a4 e3 37. fxe3 Bc2 38. Rb7 Ra8 39. Be7 1-0

[Event "2. Memorial Oliver Gonzalez 2011"]
[Site "Madrid ESP"]
[Date "2011.10.16"]
[Round "9.56"]
[White "Alonso Herrero, Ignacio"]
[Black "Arias De Reina Martinez, Fco"]
[Result "1-0"]
[WhiteElo "1812"]
[BlackElo "1604"]
[PlyCount "39"]
[EventDate "2011.10.08"]
[EventType "swiss"]
[EventRounds "9"]
[EventCountry "ESP"]
[Source "lmi"]
[SourceDate "2011.10.08"]

1. e4 c5 2. c3 d5 3. exd5 Qxd5 4. d4 Nf6 5. Nf3 e6 6. c4 Qd8 7. Nc3 cxd4 8.
Qxd4 a6 9. Qxd8+ Kxd8 10. Be2 Bd6 11. Be3 Ke7 12. O-O Nc6 13. Rfe1 Bd7 14. a3
Rac8 15. Rad1 Rhd8 16. Ng5 Bc7 17. Bc5+ Ke8 18. Nce4 e5 19. Nxf6+ gxf6 20. Ne4
1-0

[Event "2. Memorial Oliver Gonzalez 2011"]
[Site "Madrid ESP"]
[Date "2011.10.16"]
[Round "9.57"]
[White "Ibañez Moreno, Sergio"]
[Black "Ojosnegros Martin, Angel"]
[Result "1-0"]
[WhiteElo "1789"]
[BlackElo "1417"]
[PlyCount "69"]
[EventDate "2011.10.08"]
[EventType "swiss"]
[EventRounds "9"]
[EventCountry "ESP"]
[Source "lmi"]
[SourceDate "2011.10.08"]

1. e4 e5 2. f4 d6 3. Nf3 Nc6 4. Nc3 Bg4 5. Bc4 Nf6 6. O-O Be7 7. Qe1 Bxf3 8.
Rxf3 Nd4 9. Rg3 Nxc2 10. Qf1 Nxa1 11. Rxg7 Rf8 12. d3 c6 13. fxe5 dxe5 14. Bh6
Qd4+ 15. Kh1 Nc2 16. Rg3 Bc5 17. Bxf8 Qg1+ 18. Qxg1 Bxg1 19. Rf3 b5 20. Bb3 Nd4
21. Rxf6 Nxb3 22. axb3 Bxh2 23. Kxh2 Kxf8 24. Rxc6 Rd8 25. Nd5 Rd7 26. Rc8+ Kg7
27. g4 h6 28. Rg8+ Kxg8 29. Nf6+ Kg7 30. Nxd7 f6 31. b4 Kg6 32. Kg3 Kf7 33. Kh4
Kg6 34. b3 Kg7 35. Kh5 1-0

[Event "2. Memorial Oliver Gonzalez 2011"]
[Site "Madrid ESP"]
[Date "2011.10.16"]
[Round "9.59"]
[White "Tevar Becerra, Alvaro"]
[Black "Galan Aguado, Fernando"]
[Result "0-1"]
[WhiteElo "1477"]
[BlackElo "1779"]
[PlyCount "152"]
[EventDate "2011.10.08"]
[EventType "swiss"]
[EventRounds "9"]
[EventCountry "ESP"]
[Source "lmi"]
[SourceDate "2011.10.08"]

1. e4 e6 2. d4 d5 3. Nc3 dxe4 4. Nxe4 Bd7 5. Nf3 Bc6 6. Bd3 Nd7 7. O-O Ngf6 8.
Bg5 Be7 9. Nxf6+ Bxf6 10. Be3 O-O 11. Re1 b6 12. Qe2 Qe7 13. Bb5 Bxb5 14. Qxb5
a6 15. Qc4 Rfc8 16. Rad1 c5 17. d5 b5 18. Qe4 Nf8 19. d6 Qd7 20. Ne5 Bxe5 21.
Qxe5 c4 22. Bd4 f6 23. Qg3 Qf7 24. Re3 Re8 25. Rde1 Nd7 26. Rf3 Rac8 27. Bc3
Rc5 28. h3 Rd5 29. Re2 e5 30. Rd2 Rxd2 31. Bxd2 Nc5 32. Qg4 Rd8 33. Bb4 Nb7 34.
b3 a5 35. Bc3 Qd5 36. Re3 b4 37. bxc4 Qxd6 38. Rd3 Qc6 39. Rxd8+ Nxd8 40. Bd2
Ne6 41. Be3 Nd8 42. Qd1 Nb7 43. Qd5+ Qxd5 44. cxd5 Kf7 45. Ba7 Ke7 46. Bb8 Kd7
47. f4 e4 48. Kf2 f5 49. Ke3 Nd6 50. Ba7 Nb5 51. Bb6 Na3 52. Bxa5 Nc4+ 53. Kd4
Nxa5 54. c3 bxc3 55. Kxc3 Kd6 56. Kd4 Nb7 57. a4 Na5 58. g4 g6 59. g5 Nb7 60.
Kc4 Nc5 61. Kd4 Nxa4 62. Ke3 Nb6 63. h4 Nxd5+ 64. Ke2 Nxf4+ 65. Ke3 Ng2+ 66.
Kf2 Nxh4 67. Ke3 Ke5 68. Ke2 Nf3 69. Ke3 Nxg5 70. Ke2 Kf4 71. Kf2 e3+ 72. Kg2
Ne4 73. Kh1 Kf3 74. Kh2 Kf2 75. Kh3 e2 76. Kh4 e1=Q 0-1

[Event "2. Memorial Oliver Gonzalez 2011"]
[Site "Madrid ESP"]
[Date "2011.10.16"]
[Round "9.68"]
[White "Marcos Herrero, Francisco"]
[Black "Veiga Rodriguez, Pablo"]
[Result "1-0"]
[WhiteElo "1846"]
[BlackElo "1578"]
[PlyCount "61"]
[EventDate "2011.10.08"]
[EventType "swiss"]
[EventRounds "9"]
[EventCountry "ESP"]
[Source "lmi"]
[SourceDate "2011.10.08"]

1. d4 Nf6 2. c4 g6 3. g3 c5 4. d5 Bg7 5. Nc3 d6 6. Bg2 O-O 7. Nf3 Bf5 8. O-O
Qb6 9. Nd2 e5 10. e4 Bd7 11. f4 exf4 12. gxf4 Na6 13. Nf3 Nh5 14. a3 Bxc3 15.
bxc3 f6 16. f5 Rae8 17. Nh4 g5 18. Qxh5 gxh4 19. Bh6 Rf7 20. Rab1 Qc7 21. Qxh4
Bc8 22. Bf3 Kh8 23. Bh5 Rg8+ 24. Kh1 Nb8 25. Rg1 Rxg1+ 26. Rxg1 Qe7 27. Bxf7
Qxf7 28. Rg7 Qxg7 29. Bxg7+ Kxg7 30. Qg3+ Kf7 31. Qxd6 1-0

[Event "2. Memorial Oliver Gonzalez 2011"]
[Site "Madrid ESP"]
[Date "2011.10.16"]
[Round "9.70"]
[White "Martinez Miura, Enrique"]
[Black "Zhynguel Ramirez De Verger, Ale"]
[Result "1-0"]
[WhiteElo "1713"]
[BlackElo "1516"]
[PlyCount "69"]
[EventDate "2011.10.08"]
[EventType "swiss"]
[EventRounds "9"]
[EventCountry "ESP"]
[Source "lmi"]
[SourceDate "2011.10.08"]

1. e4 c5 2. c4 Nc6 3. Nc3 d6 4. g3 Nf6 5. Bg2 g6 6. Nge2 Bg7 7. O-O O-O 8. d3
e6 9. f4 a6 10. Rb1 Qc7 11. a3 Rb8 12. b4 b6 13. b5 axb5 14. Nxb5 Qd7 15. Kh1
Ne8 16. Bb2 Nc7 17. Bxg7 Kxg7 18. Nxc7 Qxc7 19. d4 Ba6 20. d5 Na5 21. f5 exf5
22. exf5 Bxc4 23. f6+ Kg8 24. Qd2 Kh8 25. Qh6 Rg8 26. Rf2 Rbe8 27. Nf4 Re5 28.
g4 g5 29. Nh3 Rg6 30. Qh5 Bxd5 31. Bxd5 Rxd5 32. Re1 Qc6 33. Kg1 c4 34. Rfe2 c3
35. Re8+ 1-0

[Event "2. Memorial Oliver Gonzalez 2011"]
[Site "Madrid ESP"]
[Date "2011.10.16"]
[Round "9.71"]
[White "Salgado Duarte, Pablo"]
[Black "Sierra Bermejo, Gregorio"]
[Result "1/2-1/2"]
[WhiteElo "1484"]
[BlackElo "1691"]
[PlyCount "113"]
[EventDate "2011.10.08"]
[EventType "swiss"]
[EventRounds "9"]
[EventCountry "ESP"]
[Source "lmi"]
[SourceDate "2011.10.08"]

1. d4 e6 2. c4 b6 3. Nf3 Bb7 4. e3 Nf6 5. Nc3 Bb4 6. Bd2 O-O 7. Bd3 Nc6 8. a3
Bxc3 9. Bxc3 d6 10. O-O h6 11. Re1 Re8 12. b4 a5 13. b5 Ne7 14. e4 Ng6 15. d5
e5 16. h3 Nf4 17. Bc2 Bc8 18. Bd2 N6h5 19. Kf1 Qd7 20. Ng1 Qe7 21. g3 Nxg3+ 22.
fxg3 Nxh3 23. Qf3 Ng5 24. Bxg5 Qxg5 25. Qe3 Qh5 26. Bd1 Qg6 27. Re2 f5 28. exf5
Bxf5 29. Rh2 Rf8 30. Rf2 Bd3+ 31. Be2 Rxf2+ 32. Kxf2 Rf8+ 33. Ke1 e4 34. Kd2
Qf6 35. Ra2 Qf2 36. Qxf2 Rxf2 37. Ke1 Rg2 38. Kf1 Rxg3 39. Kf2 Rg6 40. Bxd3
exd3 41. Rd2 Rg4 42. Rxd3 Rxc4 43. Ne2 g5 44. Rc3 Rc5 45. Rxc5 dxc5 46. Ng3 Kf7
47. Nf5 h5 48. Kf3 Kf6 49. d6 cxd6 50. Nxd6 Ke6 51. Nc8 Kd7 52. Nxb6+ Kc7 53.
Nc4 a4 54. b6+ Kb7 55. Kg3 h4+ 56. Kh3 Kc6 57. Kg4 1/2-1/2

[Event "2. Memorial Oliver Gonzalez 2011"]
[Site "Madrid ESP"]
[Date "2011.10.16"]
[Round "9.76"]
[White "Morona Minguez, Miguel"]
[Black "Folgar Lopez, Angel"]
[Result "0-1"]
[WhiteElo "1549"]
[BlackElo "1615"]
[PlyCount "82"]
[EventDate "2011.10.08"]
[EventType "swiss"]
[EventRounds "9"]
[EventCountry "ESP"]
[Source "lmi"]
[SourceDate "2011.10.08"]

1. e4 c5 2. Nf3 d6 3. d4 cxd4 4. Nxd4 Nf6 5. Nc3 a6 6. Be2 e5 7. Nb3 Be6 8. O-O
Be7 9. f4 Qb6+ 10. Kh1 Nc6 11. Nd5 Bxd5 12. exd5 Nb8 13. c4 Nbd7 14. Bd2 Qa7
15. Rf3 Ne4 16. Be1 Ndf6 17. Nd2 O-O 18. Nxe4 Nxe4 19. Bd3 Nf6 20. fxe5 dxe5
21. Rh3 e4 22. Bc2 Bd6 23. Bc3 Qf2 24. Bxf6 Qxf6 25. Bxe4 g6 26. Qb3 Rfe8 27.
Bc2 Qf2 28. Qc3 Re2 29. Be4 Rxe4 30. Rf3 Qe2 31. Qf6 Re7 32. b3 Rae8 33. Raf1
Be5 34. Qh4 Bc3 35. g4 Qe4 36. h3 Be1 37. Qf6 Bg3 38. Kg2 Be5 39. Qh4 Bd6 40.
Qf6 Qe5 41. Qh4 Qh2# 0-1